Top 30 : Diam's - Statistiques

Statistiques générales
  • Ce quiz a été pris 26 fois
  • Le résultat moyen est 13 sur 30
Statistiques - réponses
Top Titres Featuring % Correct
2 Confessions Nocturnes Vitaa
100%
1 La Boulette (Génération Nan Nan)
95%
4 DJ
91%
3 Jeune Demoiselle
77%
16 Marine
73%
9 Par Amour
64%
8 Peter Pan
64%
10 Ma France à Moi
59%
6 Cœur de Bombe
55%
7 Enfants du Désert
50%
22 Dans Ma Bulle
41%
14 Le jugement Tandem, Mac Tyer, Mac Kregor, Kery James, Faf Larage, Lino, Kazkami, El Tunisiano
41%
11 Le même sang Sinik
41%
25 Ma Souffrance
41%
28 Petite Banlieusarde
41%
12 Si C'était le Dernier
41%
21 S.O.S.
41%
13 Dans le Noir
32%
19 A 20 Ans Amel Bent
27%
18 Big Up
27%
27 I Am Somebody
27%
29 L'honneur d'un Peuple
27%
20 Mélanie
27%
23 Feuille Blanche
23%
5 Panam Hall Starz SNIPER, 113, G-Kill, Haroun, Mano Kid Sam, Salif, Sinik, L'Skadrille, Tandem, Zoxea
23%
26 Poussière
23%
15 Car Tu Portes Mon Nom
18%
17 Ecorchée
18%
24 Mélancolique anonyme Soprano
14%
30 Sur la Tête de Ma Mère
9%
Aucun quiz correspondant
Distribution des résultats
% des personnes avec chaque résultat
Percentile par nombre de réponses
Votre historique - résultats
Vous n’avez pas pris ce quiz